=LDR 00000nam 2200000 4500 =001 INLIS000000000006902 =005 20251117022549 =035 ##$$a 0010-1125000776 =007 ta =008 251117###########################0#ind## =082 ##$$a 613.94 =084 ##$$a 613.94 BAD l =245 1#$$a Laporan Referat Gerakan KB Nasional : $b - /$c Badan Koordinasi Keluarga Berencana Nasional =260 ##$$a Sumatera Utara :$b Badan Koordinasi Keluarga Berencana Nasional =300 ##$$a 28 hal : $b ilus ; $c 21 cm =650 #4$$a Keluarga Berencana =110 #$$a Badan Koordinasi Keluarga Berencana Nasional =856 ##$$a Perpustakaan Kemendukbangga